LEADER 00786nam0-2200289---450 001 990009286120403321 005 20171024132445.0 035 $a000928612 035 $aFED01000928612 035 $a(Aleph)000928612FED01 035 $a000928612 100 $a20101125d1900----km-y0itay50------ba 101 0 $aita 102 $aIT 105 $aa-------001yy 200 1 $aCompendio di ostetricia$fG. De Angelis 210 $aNapoli$cGabriele Regina$d1900 215 $a368 p.$cill.$d18 cm 610 0 $aOstetricia 700 1$aDe Angelis,$bGiovanni$c$0288183 801 0$aIT$bUNINA$gRICA$2UNIMARC 901 $aBK 912 $a990009286120403321 952 $a90 CCH GINECOLOGIA 36$b795$fFMEBC 959 $aFMEBC 996 $aCompendio di ostetricia$9769741 997 $aUNINA LEADER 02094nam 2200433 450 001 9910466704803321 005 20200120081805.0 010 $a2-335-05539-9 035 $a(CKB)3790000000023005 035 $a(EBL)2085491 035 $a(MiAaPQ)EBC2085491 035 $a(Au-PeEL)EBL2085491 035 $a(OCoLC)914152292 035 $a(EXLCZ)993790000000023005 100 $a20200120d2015 uy 0 101 0 $afre 135 $aur|n|---||||| 181 $ctxt$2rdacontent 182 $cc$2rdamedia 183 $acr$2rdacarrier 200 10$a29 degre?s a? l'ombre /$fEuge?ne Labiche 210 1$a[Place of publication not identified] :$cLigaran,$d[2015] 210 4$dİ2015 215 $a1 online resource (82 p.) 300 $aDescription based upon print version of record. 327 $aCouverture; Page de Copyright; Page de titre; 29 Degre?s a? l'ombre; Personnages; Sce?ne premie?re; Sce?ne II; Sce?ne III; Sce?ne IV; Sce?ne V; Sce?ne VI; Sce?ne VII; Sce?ne VIII; Sce?ne IX; Sce?ne X; Sce?ne XI; Sce?ne XII; Sce?ne XIII; Sce?ne XIV; Sce?ne XV 330 $aExtrait : ""POMADOUR, achevant de lancer son dernier palet : C'est incroyable... je ne peux pas mettre dans le mille... Toujours dans le dix... COURTIN, e?crivant sur une petite ardoise : Je vais faire ton compte... Nous disons : Pomadour dix... trente... dix... dix... c?a te fais soixante. POMADOUR : Pas plus ? C'est a? Piget a? jouer. PIGET : Ce n'est pas pour me vanter... mais il fait joliment chaud aujourd'hui...""A? PROPOS DES E?DITIONS LIGARANLes e?ditions LIGARAN proposent des versions nume?riques de qualite? de grands livres de la litte?rature classique mais e?galement des livres rares en parten 606 $aComic, The, in literature 608 $aElectronic books. 615 0$aComic, The, in literature. 676 $a809.917 700 $aLabiche$b Euge?ne$0396096 801 0$bMiAaPQ 801 1$bMiAaPQ 801 2$bMiAaPQ 906 $aBOOK 912 $a9910466704803321 996 $a29 degre?s a? l'ombre$92295319 997 $aUNINA